LDR 01022naa#a2200193#i#450# 001 RU\RIOR\bibl\124408 005 20260629131050.1 011 ## _a2409-6024 100 ## _a20260530b2026####ek#y0rusy0150####ca 102 ## _aRU 200 1# _aПРОФЕССИОНАЛЬНОЕ ПАРТНЁРСТВО ОБРАЗОВАТЕЛЬНОГО И РЕАЛЬНОГО СЕКТОРОВ РОССИЙСКОЙ ЭКОНОМИКИ КАК ЭЛЕМЕНТ МЕХАНИЗМА ГОСУДАРСТВЕННОГО РЕГУЛИРОВАНИЯ _eЖурнальная статья 210 1# _aМосква _cООО "Издательский Центр РИОР" _d2026 215 ## _a16 с. 608 ## _aЖурнальная статья _2local 675 ## _aЭкономика. Народное хозяйство. Экономические науки. 33 _z 700 #1 _aБариев _gРоман Александрович 700 #1 _aБодяко _gАнна Владимировна 700 #1 _aРогуленко _gТатьяна Михайловна 856 4# _ariorpub.com _u